[Event "Sampa Chess Open 2024"]
[Site "Sao Paulo"]
[Date "2024.02.02"]
[Round "6.12"]
[White "Cordero, Daniela"]
[Black "Melian, Juan Sebastian"]
[Result "0-1"]
[WhiteElo "2028"]
[BlackElo "2238"]
[PlyCount "82"]
[EventDate "2024.01.29"]
[EventRounds "9"]
[EventCountry "BRA"]

1. d4 Nf6 2. Nf3 e6 3. e3 b6 4. Bd3 Bb7 5. c4 Bb4+ ({RR} 5... Bd6 6. O-O O-O 7.
Nbd2 {1/2-1/2 (7) Makarov,M (2530)-Alekseev,E (2609) Moscow 2004}) 6. Bd2 a5 ({
RR} 6... Bxd2+ 7. Qxd2 O-O 8. Nc3 d6 9. O-O Nbd7 10. b4 Bxf3 11. gxf3 e5 12. d5
Nh5 13. Ne4 f5 14. Ng3 Nxg3 15. fxg3 f4 16. Rae1 Qg5 17. Kg2 fxe3 18. Qxe3 Qxe3
19. Rxe3 Rae8 20. Bc2 Re7 21. Ba4 {Urazayev,A (2437)-Artemenko,O (2246) chess.
com INT 2021 1-0 (87)}) 7. O-O O-O 8. b3 $146 ({RR} 8. Bc1 Be7 9. Nc3 d5 10.
cxd5 exd5 11. Ne5 Ba6 12. Bxa6 Rxa6 13. Qe2 Ra7 14. Bd2 c6 15. f4 Nfd7 16. Rf3
f6 17. Nd3 Qe8 18. f5 Bd6 19. Rh3 Rf7 20. Re1 Re7 21. Qf3 Bc7 22. e4 dxe4 {
Mercier,J (2225)-Morales,H (2275) France 1993 1-0 (41)}) ({RR} 8. a3 Be7 9. Nc3
d5 10. cxd5 exd5 11. Qc2 c5 12. Ne5 Nbd7 13. f4 Rc8 14. Nxd7 Nxd7 15. Bxh7+ Kh8
16. Bf5 cxd4 17. exd4 Bf6 18. Qd3 g6 19. Qh3+ Kg7 20. Bxd7 Bxd4+ 21. Kh1 Rc7
22. Qd3 Qf6 {Papp,Z (2110)-Bauman,T Veszprem 1995 1-0}) ({RR} 8. a3 Bxd2 9.
Qxd2 d6 10. Nc3 Nbd7 11. b4 Bxf3 12. gxf3 e5 13. Ne4 exd4 14. exd4 Re8 15. Ng3
Nf8 16. Kh1 axb4 17. axb4 Ng6 18. Rg1 c5 19. Bxg6 hxg6 20. dxc5 dxc5 21. Qxd8
Rexd8 22. Rxa8 Rxa8 {Krylov,K (2204)-Belousov,D (2268) St Petersburg 2006 1/
2-1/2 (57)}) 8... Bxd2 9. Nbxd2 d6 10. Qc2 Nbd7 11. Ng5 h6 12. Nh3 e5 13. f4
exd4 14. exd4 Ng4 15. Qc3 Re8 16. f5 Qf6 17. Rf4 h5 18. Be4 c6 19. Bf3 Qh6 20.
Ne4 d5 21. Ng3 Ngf6 22. Rf1 c5 23. Rh4 Re3 24. Qc1 Rae8 25. cxd5 Bxd5 26. Bxd5
Nxd5 27. Rxh5 Qf6 28. dxc5 Qd4 29. Kh1 Nxc5 30. f6 Nd3 31. Qc6 Nxf6 32. Rhf5
Nb4 33. Qb5 Nxa2 34. Rxf6 gxf6 35. Rf4 Re1+ 36. Nf1 R8e5 37. Qa6 Qd8 38. Rg4+
Kf8 39. Rh4 Nb4 40. Qc4 Qd3 41. Qc8+ Re8 0-1

[Event "Sampa Chess Open 2024"]
[Site "Sao Paulo"]
[Date "2024.02.02"]
[Round "6.13"]
[White "Matsuura, Everaldo"]
[Black "Jenidarchiche, Douglas Rodrigo"]
[Result "1-0"]
[WhiteElo "2410"]
[BlackElo "1845"]
[PlyCount "85"]
[EventDate "2024.01.29"]
[EventRounds "9"]
[EventCountry "BRA"]

1. e4 e5 2. f4 d5 3. exd5 e4 4. d3 Qxd5 5. Nc3 Bb4 6. Bd2 Bxc3 7. Bxc3 Nf6 8.
Qe2 Bf5 9. Bxf6 gxf6 10. g4 Be6 11. dxe4 Qa5+ 12. c3 Nc6 13. f5 Bd7 $146 ({RR} 
13... Bxa2 14. b4 Nxb4 15. Qb5+ Qxb5 16. Bxb5+ {1-0 (16) Menvielle Laccourreye,
A (2145)-Aguilera Suarez,A (1819) Gran Canaria 2014}) 14. Qb5 Qb6 15. Qxb6 axb6
16. Nf3 h5 17. Rg1 Ra4 18. Bd3 hxg4 19. Bc2 gxf3 20. Bxa4 Rxh2 21. O-O-O Ne5
22. Bxd7+ Nxd7 23. Rd2 Rxd2 24. Kxd2 Ne5 25. b3 Ke7 26. Ke3 Kd7 27. a4 c6 28.
Rg8 Kc7 29. Ra8 Kd7 30. Kf2 Kc7 31. Rg8 Kd7 32. Rg1 Kc7 33. Rd1 Kc8 34. Kg3 Kc7
35. b4 b5 36. a5 c5 37. Rd5 cxb4 38. cxb4 b6 39. Rxb5 bxa5 40. bxa5 Nc6 41. a6
Kd8 42. Rb6 Kc7 43. Rb7+ 1-0

[Event "Sampa Chess Open 2024"]
[Site "Sao Paulo"]
[Date "2024.02.02"]
[Round "6.15"]
[White "Cardoso, Maria Paula Da Silv"]
[Black "Terao, Juliana Sayumi"]
[Result "1/2-1/2"]
[WhiteElo "1780"]
[BlackElo "2198"]
[PlyCount "100"]
[EventDate "2024.01.29"]
[EventRounds "9"]
[EventCountry "BRA"]

1. e4 e5 2. Nf3 Nc6 3. Bc4 Nf6 4. d3 Bc5 5. c3 a6 6. Bb3 Ba7 7. Nbd2 O-O 8. Nf1
d5 9. Qe2 ({RR} 9. exd5 Nxd5 10. Ng3 Nf4 11. Bxf4 exf4 12. Ne4 Na5 13. Bc2 c5
14. O-O Bg4 15. Re1 Rc8 16. a3 Nc6 17. Ned2 Bb8 18. Qe2 b5 19. Qf1 Qf6 20. Rac1
Rfd8 21. Kh1 Qh6 22. Qe2 Qh5 23. Qf1 Rd6 {Tissir,M (2376)-Ameir,M (2357) Dubai
UAE 2021 0-1 (32)}) 9... h6 10. Ng3 Re8 11. h3 Na5 $146 ({RR} 11... Be6 12. Nh2
dxe4 13. dxe4 Nd7 14. Bc2 Ne7 15. Ng4 Ng6 16. O-O Nf4 17. Qf3 Bxg4 18. Qxg4 Qg5
19. Qf3 Nf8 20. Kh2 N8g6 21. Nf5 Nh4 22. Nxh4 Qxh4 23. Bb3 Ne6 24. g3 Qe7 25.
Bd2 Rad8 26. Rad1 {Kobalia,M (2614)-Iuldachev,S (2541) Abu Dhabi 2005 1/2-1/2 
(38)}) ({RR} 11... Be6 12. Bc2 dxe4 13. dxe4 Qe7 14. Nh4 Rad8 15. Nhf5 Qc5 16.
Qf3 Bxf5 17. Nxf5 Nd4 18. Nxd4 exd4 19. O-O Qc6 20. Re1 Re6 21. Qd3 Rde8 22.
cxd4 Rxe4 23. Rxe4 Qxe4 24. Qxe4 Nxe4 25. Be3 Nf6 26. Bb3 {De Vleeschauwer,M 
(1918)-Nabuurs,J (2218) Vlissingen 2011 1/2-1/2 (54)}) ({RR} 11... Be6 12. Bc2
b5 13. Nh4 Bc5 14. Qf3 Nxe4 15. Nxe4 dxe4 16. Qxe4 Bd5 17. Qg4 Re6 18. O-O Rf6
19. Be3 Be7 20. d4 exd4 21. cxd4 Kh8 22. Qh5 Nb4 23. Bb1 Bc4 24. Rd1 Nd5 25. b3
Nxe3 26. fxe3 {Jessel,S (2313)-Houska,J (2355) Birmingham 2006 0-1 (39)}) 12.
Bc2 c5 13. O-O b5 14. Bd2 Rb8 15. a3 c4 16. Rad1 Bb7 17. Bc1 Qc7 18. Nh4 cxd3
19. Bxd3 dxe4 20. Nxe4 Nxe4 21. Bxe4 Bxe4 22. Qxe4 Qc4 23. Qxc4 Nxc4 24. Rd7
Bb6 25. Nf5 e4 26. Nd6 Red8 27. Rxd8+ Rxd8 28. Nxe4 f5 29. Ng3 Rd5 30. Re1 Kf7
31. Ne2 g5 32. h4 Kf6 33. hxg5+ hxg5 34. Kf1 f4 35. Ng1 Ne5 36. Nh3 Nd3 37. Rd1
g4 38. Ng1 Bxf2 39. Rxd3 Rxd3 40. Kxf2 Ke5 41. Ne2 f3 42. gxf3 Rxf3+ 43. Kg2
Ke4 44. Bh6 Kd3 45. Nd4 Rf7 46. Bg5 Kc4 47. Bd8 Rf8 48. Be7 Re8 49. Bb4 Re3 50.
b3+ Kd3 1/2-1/2

[Event "Sampa Chess Open 2024"]
[Site "Sao Paulo"]
[Date "2024.02.02"]
[Round "6.16"]
[White "Bastos, Danillo Alves"]
[Black "Batista, Renato Luiz"]
[Result "0-1"]
[WhiteElo "1667"]
[BlackElo "2174"]
[PlyCount "64"]
[EventDate "2024.01.29"]
[EventRounds "9"]
[EventCountry "BRA"]

1. d4 Nf6 2. c4 g6 3. Nc3 Bg7 4. e4 d6 5. f3 O-O 6. Be3 Na6 7. Nge2 c5 8. Qd2
Be6 ({RR} 8... Re8 9. Rd1 Qa5 10. dxc5 Nxc5 11. Nd4 Bd7 12. Be2 a6 13. O-O Rec8
14. g4 Na4 15. Nxa4 Qxd2 16. Rxd2 Bxa4 17. b3 Be8 18. h4 Nd7 19. h5 Nc5 20.
hxg6 hxg6 21. Kg2 Bd7 22. g5 Rab8 23. Rh1 {Vajda,L (2537)-Lupulescu,C (2499)
Bucharest 2003 1/2-1/2 (47)}) ({RR} 8... Re8 9. dxc5 dxc5 10. Rd1 Qxd2+ 11.
Rxd2 Nd7 12. Nb5 Ne5 13. Nf4 Be6 14. Nxe6 fxe6 15. Be2 Red8 16. f4 Rxd2 17.
Bxd2 Nc6 18. e5 Rd8 19. Bc3 Nab4 20. O-O Nxa2 21. Bg4 Nxc3 22. Bxe6+ Kh8 23.
Nxc3 {Gnojek,P (2150)-Kostka,V (2143) Czech Republic CZE 2019 1/2-1/2 (31)}) 9.
Ng3 $146 ({RR} 9. Nf4 Bd7 10. dxc5 Nxc5 11. Be2 Na4 12. Nxa4 Bxa4 13. Rc1 Bc6 {
1/2-1/2 (13) Franco Raymundo,E-Rossolimo,N Madrid 1957}) ({RR} 9. d5 Bd7 10.
Bh6 Nh5 11. Bxg7 Nxg7 12. g4 e5 13. h4 f6 14. Ng3 Nc7 15. Bd3 a6 16. Qh6 Qe7
17. Nd1 Nge8 18. Nf2 Qg7 19. Qd2 Qe7 20. O-O-O b5 21. Rdg1 bxc4 22. Bxc4 Kh8
23. Bd3 Nb5 {Lange,G-Kohl,A Kettig 1999 1-0 (46)}) ({RR} 9. d5 Bd7 10. Bh6 Nc7
11. h4 Rb8 12. h5 b5 13. g4 bxc4 14. O-O-O Nb5 15. Bxg7 Kxg7 16. hxg6 fxg6 17.
Qh6+ Kg8 18. g5 Nh5 19. Nxb5 Rxb5 20. Nc3 Rb8 21. Rxh5 gxh5 22. g6 hxg6 23.
Qxg6+ Kh8 {Baerthel,J (2215)-Merck,D Germany 1993 1-0}) 9... cxd4 10. Bxd4 Qa5
11. Be2 Rfc8 12. b3 Nb4 13. O-O Nc6 14. Be3 Ng4 15. Nd5 Nxe3 16. Qxa5 Nxa5 17.
Nxe3 Bxa1 18. Rxa1 a6 19. f4 f6 20. f5 Bf7 21. Nd5 Bxd5 22. exd5 Rab8 23. Bd3
g5 24. Ne4 b5 25. c5 dxc5 26. d6 c4 27. bxc4 bxc4 28. Bc2 exd6 29. Nxf6+ Kg7
30. Ne4 d5 31. f6+ Kf7 32. Rf1 dxe4 0-1

[Event "Sampa Chess Open 2024"]
[Site "Sao Paulo"]
[Date "2024.02.02"]
[Round "6.17"]
[White "Da Rocha, Lucas Sampaio"]
[Black "Awoki, Daniel Teidi"]
[Result "0-1"]
[WhiteElo "1647"]
[BlackElo "2152"]
[PlyCount "54"]
[EventDate "2024.01.29"]
[EventRounds "9"]
[EventCountry "BRA"]

1. e4 c5 2. Nf3 Nc6 3. c3 d5 4. exd5 Qxd5 5. d4 Bg4 6. Be2 cxd4 7. cxd4 e6 8.
O-O Nf6 9. Nc3 Qd6 10. Be3 Be7 11. h3 Bh5 12. Qb3 O-O 13. Rfd1 Nb4 14. Rac1
Nbd5 15. Bg5 Rfd8 ({RR} 15... Qb4 16. Qxb4 Bxb4 17. Bxf6 Nxf6 18. g4 Bg6 19.
Ne5 Rfd8 20. Bf3 Bxc3 21. Rxc3 Rac8 22. Bxb7 Rxc3 23. bxc3 Rb8 24. Bf3 Rb2 25.
c4 Rxa2 26. c5 Kf8 27. Nxg6+ hxg6 28. Rb1 Nd5 29. Bxd5 exd5 30. Rb8+ {Potapov,
P (2481)-Shcherbin,M (2366) Sochi RUS 2021 1/2-1/2 (36)}) 16. g4 Bg6 17. Ne5 a6
$146 ({RR} 17... Be4 18. Bf1 Nxc3 19. bxc3 Nxg4 20. Bxe7 Nxe5 21. Bxd6 Nf3+ 22.
Kg2 Nd2+ 23. Kg3 Nxb3 24. axb3 Rxd6 25. Kf4 Bc6 26. c4 Rad8 27. Ke3 g5 28. Rd2
f5 29. Rcd1 Kg7 30. f4 h6 31. d5 exd5 32. cxd5 {Pap,M (2170)-Arsovic,G (2350)
Niska Banja 1996 0-1 (32)}) ({RR} 17... Nxc3 18. bxc3 Nd5 19. Bd2 Qb6 20. c4
Qxb3 21. axb3 Nb4 22. Nxg6 hxg6 23. Be3 Rd7 24. g5 Rad8 25. Bf3 f5 26. gxf6
gxf6 27. Rd2 f5 28. Rcd1 b6 29. Bg2 g5 30. f4 gxf4 31. Bxf4 Bf6 32. Be3 {
Delemarre,I (2195)-Kiss,P (2435) Bern 1998 0-1 (54)}) ({RR} 17... Qb4 18. Nxd5
Rxd5 19. Qxb4 Bxb4 20. Rc7 Bd6 21. Rxb7 Be4 22. Rb5 Rc8 23. f3 Bc2 24. Rd2 Rxb5
25. Bxb5 Bb4 26. Rf2 Bb1 27. Nc6 Bd6 28. b3 a6 29. Ba4 Nd5 30. Rb2 Bd3 31. Rd2
Bb1 32. Rb2 {Ekstroem,R (2501)-Matros,A (2391) Sweden 2000 1/2-1/2 (59)}) 18.
h4 h6 19. Bxf6 Bxf6 20. Nxg6 Nxc3 21. Rxc3 fxg6 22. Qxb7 Bxd4 23. Bf3 Qg3+ 24.
Kh1 Qxh4+ 25. Kg2 Qxf2+ 26. Kh3 Be5 27. Bg2 g5 0-1

[Event "Sampa Chess Open 2024"]
[Site "Sao Paulo"]
[Date "2024.02.02"]
[Round "6.18"]
[White "Saito, Vinicius"]
[Black "Aragao Neto, Joao Batista"]
[Result "1-0"]
[WhiteElo "2147"]
[BlackElo "1585"]
[PlyCount "61"]
[EventDate "2024.01.29"]
[EventRounds "9"]
[EventCountry "BRA"]

1. e4 d6 2. d4 Nf6 3. Nc3 g6 4. f4 Bg7 5. Nf3 O-O 6. a3 Bg4 7. h3 Bxf3 8. Qxf3
c6 ({RR} 8... Nc6 9. Qf2 Nd7 10. Be3 e5 11. dxe5 dxe5 12. f5 Nd4 13. Bc4 Nb6
14. Ba2 Kh8 15. O-O-O Qe8 16. f6 c5 17. Rhf1 Qc6 18. fxg7+ Kxg7 19. Nd5 f5 20.
Qh4 Nxd5 21. Bxd5 Qa4 22. Rxd4 cxd4 23. Bh6+ {Kanyamarala,T (2369)-Palma
Villanueva,M (2070) Tornelo INT 2021 1-0}) 9. Be3 Nbd7 10. e5 Ne8 11. Bc4 $146
({RR} 11. h4 c5 12. O-O-O a6 13. h5 b5 14. dxc5 Rc8 15. c6 Nb8 16. hxg6 fxg6
17. Qh3 h5 18. Bd3 Nc7 19. Bxg6 {1-0 (19) Reipsch,J (2221)-Porfireanu,S (1905)
Albena 2013}) 11... d5 12. Bd3 e6 13. h4 f5 14. h5 Rf7 15. g4 Nf8 16. gxf5 exf5
17. hxg6 hxg6 18. Ne2 Bh8 19. c4 Nc7 20. Nc3 Qd7 21. cxd5 cxd5 22. Kd2 Rd8 23.
Rag1 a6 24. Qh3 Rh7 25. Qg2 Rxh1 26. Rxh1 Bg7 27. Bb1 Kf7 28. Ba2 Ke6 29. Rc1
Bh6 30. Qh1 Bg7 31. Nxd5 1-0

[Event "Sampa Chess Open 2024"]
[Site "Sao Paulo"]
[Date "2024.02.02"]
[Round "6.19"]
[White "Mattos, Bernardo Cunha"]
[Black "Silva, Kaua Marques"]
[Result "0-1"]
[WhiteElo "1567"]
[BlackElo "2142"]
[PlyCount "62"]
[EventDate "2024.01.29"]
[EventRounds "9"]
[EventCountry "BRA"]

1. c4 Nf6 2. Nc3 c5 3. Nf3 Nc6 4. d4 cxd4 5. Nxd4 e6 6. Bf4 Bc5 ({RR} 6... d6
7. Bg3 Nh5 8. e3 Nxg3 9. hxg3 Bd7 10. Ndb5 Qb6 11. Qd2 O-O-O 12. Ne4 Kb8 13.
Nbxd6 f5 14. c5 Qc7 15. Ng5 Ne5 16. Rc1 Bxd6 17. cxd6 Qb6 18. Qd4 Rc8 19. Rxc8+
Rxc8 20. Qxb6 axb6 21. f4 {Bu Xiangzhi (2712)-Le Quang Liem (2728) Danzhou CHN
2018 1-0 (57)}) ({RR} 6... Bb4 7. Ndb5 O-O 8. Bc7 Qe7 9. Bd6 Bxd6 10. Nxd6 Ne8
11. Nxe8 Rxe8 12. e3 b6 13. Be2 Bb7 14. O-O Red8 15. Qd2 Rac8 16. Rfd1 Ne5 17.
b3 d5 18. cxd5 Bxd5 19. Nxd5 Rxd5 20. Rac1 Rxc1 21. Qxc1 {Krivonosov,O (2362)
-Rozen,E (2386) chess.com INT 2021 0-1 (56)}) 7. Nxc6 bxc6 8. Bd6 $146 ({RR} 8.
e3 O-O 9. Be2 d5 10. O-O Qe7 11. Rc1 Rd8 12. Qc2 d4 13. exd4 Bxd4 14. Bf3 Bb7
15. Rfe1 c5 16. Bxb7 Qxb7 17. Nb5 Rac8 18. Nd6 Qc7 19. Nxc8 Qxf4 20. Ne7+ Kf8
21. Nc6 Ng4 22. Nxd4 Qxh2+ {Khismatullin,D (2618)-Navara,D (2734) Riga LAT
2019 0-1 (42)}) 8... Qb6 9. Bxc5 Qxc5 10. e3 Rb8 11. Qd2 O-O 12. Be2 d5 13.
cxd5 exd5 14. O-O Re8 15. Rac1 Qd6 16. Rfd1 h5 17. h3 Bd7 18. Bf3 Qe5 19. b3 g5
20. Qd4 g4 21. Qxe5 Rxe5 22. hxg4 hxg4 23. Be2 Kg7 24. g3 Rh8 25. Bf1 Reh5 26.
Bg2 Bf5 27. Kf1 Rh2 28. Ne2 Be4 29. Nf4 Bf3 30. Bxf3 gxf3 31. Ke1 Ne4 0-1

[Event "Sampa Chess Open 2024"]
[Site "Sao Paulo"]
[Date "2024.02.02"]
[Round "6.20"]
[White "Munhoz, Joao Pedro"]
[Black "Do Nascimento, Christian Almeida"]
[Result "0-1"]
[WhiteElo "1608"]
[BlackElo "2123"]
[PlyCount "100"]
[EventDate "2024.01.29"]
[EventRounds "9"]
[EventCountry "BRA"]

1. c4 e5 2. Nc3 Nc6 3. g3 f5 4. Bg2 Nf6 5. e3 Bb4 6. Nge2 O-O 7. O-O d6 ({RR} 
7... Bxc3 8. Nxc3 d6 9. d4 e4 10. f3 exf3 11. Qxf3 Bd7 12. b3 Rb8 13. Bb2 Qe8
14. Rae1 Qg6 15. Qd1 Ne7 16. e4 fxe4 17. Nxe4 Nxe4 18. Rxe4 Rxf1+ 19. Qxf1 Rf8
20. Qe1 Nc6 21. d5 Nd8 22. Re7 {Granda Zuniga,J (2663)-Caruana,F (2801)
Tromsoe 2014 1/2-1/2 (67)}) 8. b3 ({RR} 8. Nd5 Nxd5 9. cxd5 Ne7 10. d4 Ba5 11.
b4 Bb6 12. dxe5 dxe5 13. Qb3 Kh8 14. a4 a6 15. Bb2 Ng6 16. a5 Ba7 17. Qc3 Re8
18. Nf4 Re7 19. Nxg6+ hxg6 20. Rac1 Rb8 21. b5 b6 22. Ba3 Rf7 {Raahul,V (2231)
-Neverov,V (2496) Bhubaneswar IND 2018 1/2-1/2 (48)}) 8... Bxc3 9. Nxc3 a6 $146
({RR} 9... Qe8 10. Bb2 g5 11. Re1 Qg6 12. Qc2 Nb4 13. Qd1 Nd3 14. Qe2 Nxe1 15.
Rxe1 c6 16. b4 Bd7 17. a4 Rae8 18. b5 f4 19. Ba3 Re6 20. Kh1 g4 21. gxf4 exf4
22. Rg1 Nh5 23. h3 f3 24. Bxf3 {Lubicki,B-Kubicki,M Krynica 1998 0-1}) ({RR} 
9... Qe8 10. d3 g5 11. Nd5 Nxd5 12. cxd5 Ne7 13. f4 gxf4 14. exf4 Ng6 15. fxe5
dxe5 16. h4 Rf7 17. Bg5 a5 18. Qe2 Nf8 19. Rae1 Nd7 20. g4 fxg4 21. Qxg4 Nf6
22. Qg3 Ng4 23. Bf6 Kf8 24. Bxe5 {Krylov,S (2295)-Holder,H Vadso 2000 1-0 (42)}
) ({RR} 9... Qe8 10. d3 Bd7 11. Ba3 Qg6 12. c5 dxc5 13. Bxc5 Rfe8 14. b4 a6 15.
b5 axb5 16. Nxb5 Rac8 17. a4 e4 18. Nc3 b6 19. Ba3 Kh8 20. Ne2 Ne5 21. Nf4 Qf7
22. Bb2 c5 23. Bxe5 {1/2-1/2 (23) Razuvaev,Y (2555)-Nevednichy,V (2480)
Tiraspol 1994}) 10. Bb2 Qe8 11. h3 Qg6 12. Ne2 Nh5 13. Nc3 Nf6 14. Nd5 Nxd5 15.
Bxd5+ Be6 16. Bxe6+ Qxe6 17. f4 Rae8 18. Qe2 Rf7 19. Kh2 d5 20. cxd5 Qxd5 21.
fxe5 Nxe5 22. Bxe5 Qxe5 23. Rac1 f4 24. Qf3 fxg3+ 25. Qxg3 Rd7 26. Rf2 c6 27.
Rcf1 Qxg3+ 28. Kxg3 g6 29. Kf3 Re5 30. d4 Rh5 31. Kg3 c5 32. Rf4 cxd4 33. exd4
Ra5 34. R1f2 Kg7 35. a4 b5 36. axb5 Rxb5 37. R2f3 Rdb7 38. Rf6 a5 39. Ra6 Rd5
40. Rd3 Rb4 41. Kf2 Rbxd4 42. Rxd4 Rxd4 43. Rxa5 Rd3 44. Ra7+ Kh6 45. b4 Rxh3
46. Ke2 g5 47. Kd2 g4 48. Kc2 Rh1 49. Ra3 Rh2+ 50. Kb1 Rh3 0-1

[Event "Sampa Chess Open 2024"]
[Site "Sao Paulo"]
[Date "2024.02.02"]
[Round "6.21"]
[White "Resende, Ana Gabriela Lobato"]
[Black "Cueto, Jonny"]
[Result "0-1"]
[WhiteElo "1800"]
[BlackElo "2108"]
[PlyCount "64"]
[EventDate "2024.01.29"]
[EventRounds "9"]
[EventCountry "BRA"]

1. d4 d6 2. Nf3 Bg4 3. h3 ({RR} 3. Nfd2 e5 4. Nb3 Be7 5. g3 Nf6 6. Bg2 c6 7. c4
a5 8. a4 O-O 9. Bd2 Nbd7 10. O-O Qb6 11. d5 cxd5 12. cxd5 Bxe2 13. Qxe2 Qxb3
14. Nc3 Rfc8 15. Rfb1 Qc4 16. Qe1 Nc5 17. Bf1 Qg4 {Monroy Carrizo,J (1963)
-Cueto,J (2282) Santa Cruz 2014 1-0 (41)}) 3... Bh5 ({RR} 3... Bxf3 4. gxf3 d5
5. c4 c6 6. Qb3 Qd7 7. Bf4 Nf6 8. e3 e6 9. Nc3 Be7 10. Rg1 g6 11. Be5 O-O 12.
f4 Qc8 13. Rc1 Nbd7 14. Bd3 dxc4 15. Qxc4 Qd8 16. Bb1 Rc8 17. f5 exf5 18. Bxf5
{Rakhmanov,A (2590)-Pridorozhni,A (2553) Pardubice 2010 1/2-1/2 (55)}) 4. Nc3
$146 ({RR} 4. c4 Nd7 5. Bg5 c6 6. Bh4 Ngf6 7. Nc3 e5 8. e3 Be7 9. Be2 O-O 10.
O-O Re8 11. Re1 a6 12. Bg3 Bf8 13. Nd2 Bg6 14. Bf3 e4 15. Be2 b5 16. cxb5 axb5
17. a4 b4 18. Na2 d5 {Panas,I-Larsson,A (2257) Sweden 2011 0-1 (40)}) ({RR} 4.
g4 Bg6 5. Nh4 e6 6. Nxg6 hxg6 7. c4 d5 8. cxd5 exd5 9. Nc3 c6 10. Bg2 Nf6 11.
Bf4 Bd6 12. Qd2 Qe7 13. Bxd6 Qxd6 14. e3 Nbd7 15. O-O-O O-O-O 16. Kb1 Nb6 17.
g5 Ng8 18. h4 Ne7 {Gabriel,R (2220)-Ashiev,E (2202) chess.com INT 2021 0-1 (51)
}) ({RR} 4. c4 Nd7 5. Nc3 e5 6. g4 Bg6 7. Bg2 Be7 8. dxe5 dxe5 9. Be3 c6 10.
Nd2 Qc7 11. Nde4 Bxe4 12. Nxe4 Ngf6 13. Qb3 Nxe4 14. Bxe4 Nc5 15. Bxc5 Bxc5 16.
e3 O-O-O 17. Ke2 g6 18. Rad1 Qe7 {Roizen,N-Kolasinski,M (2305) Naleczow 1989 1/
2-1/2}) 4... Nd7 5. Bf4 e5 6. dxe5 Bxf3 7. exf3 dxe5 8. Be3 Ngf6 9. Bd3 Bb4 10.
Bd2 O-O 11. Ne4 Bxd2+ 12. Qxd2 Qe7 13. O-O Rad8 14. Qe3 b6 15. Rad1 Nd5 16. Qc1
Nf4 17. Ng3 Nc5 18. Be4 h5 19. Qe3 Qg5 20. h4 Qxh4 21. Rfe1 Qg5 22. Bf5 h4 23.
Bh3 hxg3 24. Kf1 gxf2 25. Qxf2 Nxh3 26. gxh3 Ne6 27. h4 Qf5 28. Rc1 Nf4 29. Re4
Rd6 30. Ke1 Rfd8 31. Qf1 Rd2 32. b4 Ng2+ 0-1

[Event "Sampa Chess Open 2024"]
[Site "Sao Paulo"]
[Date "2024.02.02"]
[Round "6.22"]
[White "Kropff, Ricardo"]
[Black "De Brito E Silva, William"]
[Result "1-0"]
[WhiteElo "2052"]
[BlackElo "1549"]
[PlyCount "47"]
[EventDate "2024.01.29"]
[EventRounds "9"]
[EventCountry "BRA"]

1. e4 e5 2. Nf3 Nc6 3. d4 exd4 4. Nxd4 Bc5 5. Nb3 Bb6 6. Nc3 Nf6 7. Bg5 Qe7 ({
RR} 7... O-O 8. Qf3 Nd4 9. Nxd4 Bxd4 10. O-O-O Bxc3 11. bxc3 Re8 12. Bc4 d6 13.
Bxf6 Qxf6 14. Qxf6 gxf6 15. Rhe1 f5 16. Bd5 fxe4 17. Bxe4 Re5 18. Bd5 Rxe1 19.
Rxe1 Kf8 20. Re4 c6 21. Bb3 Bf5 22. Rf4 {Carlsen,M (2881)-Nakamura,H (2775)
Dubai 2014 1/2-1/2 (62)}) ({RR} 7... O-O 8. Qd2 a5 9. a4 h6 10. Be3 Bxe3 11.
Qxe3 Re8 12. O-O-O Nb4 13. f3 d5 14. Qd4 c6 15. exd5 Nfxd5 16. Nxd5 Qxd5 17.
Qxd5 Nxd5 18. Bd3 Nf4 19. g3 Nxd3+ 20. Rxd3 Bf5 21. Rd2 Re3 22. Nd4 {Gvetadze,
S (2302)-Khomeriki,N (2293) Tbilisi GEO 2021 1/2-1/2}) 8. Bd3 Nb4 9. O-O $146 (
{RR} 9. Qe2 d6 10. Na4 Bd7 11. Nxb6 axb6 12. O-O O-O 13. a3 Nc6 14. f4 Rfe8 15.
Rae1 Bg4 16. Qf2 h6 17. Bh4 Rad8 18. Nd4 Bd7 19. Nf5 Bxf5 20. exf5 Qd7 21. Bxf6
gxf6 22. Qh4 Kg7 23. Rxe8 Qxe8 {Gruber,M (1765)-Umancova,B Klatovy 1998 1-0})
9... Qe5 10. Qd2 O-O 11. Kh1 Ng4 12. f4 Nxd3 13. Qxd3 Qe6 14. Qg3 Ne3 15. f5
Nxf1 16. Rxf1 Qc4 17. Rf4 g6 18. Bf6 Qc6 19. Qh4 h5 20. Qg5 Be3 21. fxg6 Bxf4
22. gxf7+ Kxf7 23. Qg7+ Ke6 24. Qe7# 1-0

[Event "Sampa Chess Open 2024"]
[Site "Sao Paulo"]
[Date "2024.02.02"]
[Round "6.23"]
[White "Santos, Isaque Goncalves"]
[Black "Barberi, Catarina"]
[Result "1-0"]
[WhiteElo "1996"]
[BlackElo "1524"]
[PlyCount "100"]
[EventDate "2024.01.29"]
[EventRounds "9"]
[EventCountry "BRA"]

1. d4 d5 2. c4 e6 3. Nc3 Nf6 4. Bg5 Be7 5. e3 O-O 6. Nf3 b6 7. cxd5 exd5 8. Bd3
Bb7 9. O-O Nbd7 10. Rc1 h6 11. Bh4 Rc8 ({RR} 11... Ne4 12. Bg3 Nxg3 13. hxg3 c5
14. Bb1 Nf6 15. Qb3 c4 16. Qc2 Bb4 17. Ne5 Bxc3 18. bxc3 Re8 19. g4 Qe7 20. f3
b5 21. Kf2 b4 22. cxb4 Qxb4 23. Rh1 Rad8 24. Rh3 Kf8 25. Re1 Rd6 26. Rhh1 {
Akopian,V (2590)-Garcia,G (2470) Los Angeles 1991 1-0 (32)}) 12. Bf5 ({RR} 12.
Qe2 Re8 13. Ba6 Rb8 14. a3 Qc8 15. Bd3 c6 16. Bg3 Ra8 17. Ne5 Nxe5 18. dxe5 Nd7
19. Nxd5 c5 20. Nc3 Bd8 21. f4 Be7 22. Rfd1 Bc6 23. Ne4 Qb7 24. Ba6 Qc7 25. Nd6
Red8 26. Nxf7 Rf8 {Mamoulakis,E (2022)-Fragkiadakis,N (1167) Irakleio GRE 2020
1-0 (36)}) 12... Rb8 13. Nb5 $146 ({RR} 13. Qa4 c5 14. Bxf6 Bxf6 15. Qxd7 Qxd7
16. Bxd7 Rbd8 17. Bf5 c4 18. Rfe1 Rfe8 19. Rcd1 a6 20. a4 Be7 21. Ne5 Rc8 22.
Bxc8 Rxc8 23. Nd7 Bc6 24. Nxb6 Rb8 25. Nbxd5 Bxd5 26. Nxd5 Bd6 27. Re2 a5 {
Mangini,B (1771)-Barbosa,V (1624) Sao Paulo 2016 1-0 (47)}) 13... Ba6 14. Qa4
Bxb5 15. Qxb5 c5 16. Bg3 Ra8 17. Rfd1 a6 18. Qe2 c4 19. Ne5 Re8 20. Nc6 Qc8 21.
Nxe7+ Rxe7 22. Bd6 Re8 23. g4 Qc6 24. Bf4 b5 25. h4 Ne4 26. f3 Nd6 27. Bb1 Nf8
28. h5 Ne6 29. Qc2 Nb7 30. Be5 Nf8 31. Kf2 Qe6 32. Rg1 f6 33. Bf4 Nd6 34. Rce1
Nf7 35. Qd2 Ng5 36. Kg2 Qc6 37. Bxg5 fxg5 38. e4 Rad8 39. e5 Ne6 40. Rd1 Rf8
41. Qc2 Rf4 42. Qh7+ Kf8 43. Bf5 Re8 44. Qg6 Rxg4+ 45. Kf2 Rxg1 46. Kxg1 Nd8
47. Qxc6 Nxc6 48. Bd7 Rb8 49. Bxc6 Rd8 50. e6 Ke7 1-0

[Event "Sampa Chess Open 2024"]
[Site "Sao Paulo"]
[Date "2024.02.02"]
[Round "6.24"]
[White "Simeao, Miguel Roberto Rani"]
[Black "Matiuci, Bernardo Steinle"]
[Result "1/2-1/2"]
[WhiteElo "1962"]
[BlackElo "1546"]
[PlyCount "74"]
[EventDate "2024.01.29"]
[EventRounds "9"]
[EventCountry "BRA"]

1. c4 Nf6 2. Nc3 g6 3. e4 c5 4. g3 Bg7 5. Bg2 O-O 6. Nge2 Nc6 7. d3 d6 8. O-O
Rb8 9. Rb1 a6 10. f4 Bg4 ({RR} 10... Ne8 11. Be3 b5 12. d4 b4 13. Na4 cxd4 14.
Nxd4 Nxd4 15. Bxd4 Bg4 16. Qd2 Bd7 17. b3 Bxa4 18. bxa4 Qa5 19. e5 dxe5 20. Ba7
Nd6 21. c5 Nc4 22. Qf2 Rbd8 23. Rbc1 Rd2 24. Qe1 Qxa4 25. Rf2 {Williams,S 
(2371)-Hebden,M (2590) England 1999 1-0 (40)}) 11. h3 Bxe2 12. Nxe2 Qd7 ({RR} 
12... Ne8 13. f5 Nc7 14. Bd2 b5 15. Bc3 Bxc3 16. Nxc3 e6 17. h4 Nd4 18. Ne2 d5
19. Nxd4 cxd4 20. c5 dxe4 21. dxe4 b4 22. f6 e5 23. Qc1 Kh8 24. Qg5 Qe8 25. Bh3
Rg8 26. Rbc1 Rb5 27. c6 {Nevska,G (1790)-Klerides,P (2138) San Marino SMR 2019
1/2-1/2 (43)}) 13. b3 $146 ({RR} 13. Be3 b5 14. f5 bxc4 15. dxc4 Ne5 16. b3 Qc7
17. Qd2 Rfe8 18. g4 Rb4 19. Nf4 g5 20. Nd5 Nxd5 21. exd5 h6 22. Be4 Bf6 23. Kg2
a5 24. Qe2 Ra8 25. Bd2 Rb7 26. a4 Kg7 27. Bc2 Rg8 {Mattson,M (1718)-Gillanders,
R (1805) Kitchener 2006 1/2-1/2 (32)}) 13... b5 14. Bb2 e5 15. Kh2 b4 16. Bc1
Qa7 17. f5 a5 18. Be3 Ra8 19. Qd2 a4 20. Bg5 axb3 21. axb3 Qb7 22. Bf3 Ra3 23.
Rb2 Rfa8 24. Bg2 Ne8 25. Bh6 Ra1 26. Rf2 Qa7 27. Nc1 Nd4 28. h4 Bxh6 29. Qxh6
Nf6 30. Bh3 Ne8 31. h5 Qe7 32. hxg6 hxg6 33. fxg6 fxg6 34. Qxg6+ Qg7 35. Qxg7+
Kxg7 36. Ne2 Nxe2 37. Rfxe2 Rd1 1/2-1/2